Archie Comics - Teens - Statistics

General Stats
  • This quiz has been taken 116 times
  • The average score is 12 of 15
Answer Stats
Bio Character % Correct
Main character; has red hair Archie Andrews
100%
Classic girl next door; has blonde hair Betty Cooper
100%
Main character's food-loving best friend Jughead Jones
99%
New girl in town; has black hair Veronica Lodge
99%
Leader of the band "The Pussycats" Josie McCoy
88%
Annoyance and prankster Reggie Mantle
87%
Dim-witted jock Moose Mason
86%
Redheaded mean girl Cheryl Blossom
76%
The jock's girlfriend, of whom he is very overprotective of Midge Klump
74%
African American star athlete; his father is the coach Chuck Clayton
69%
Smartest kid in school Dilton Doiley
67%
Is in love with the food-loving best friend Ethel Muggs
67%
^Her twin brother Jason Blossom
65%
^His girlfriend Nancy Woods
41%
Popular student whose father is in the military Kevin Keller
32%
No matching quizzes found
Score Distribution
Percent of People with Each Score
Percentile by Number Answered
Your Score History
You have not taken this quiz